| 000 | 00729nam a2200253Ia 4500 | ||
|---|---|---|---|
| 008 | 220501s2018 xx 000 0 eng d | ||
| 020 | _a9789332568853 | ||
| 082 | _a658.403 REN-Q | ||
| 100 | _aRender, Barry | ||
| 245 | 0 |
_aQuantitative analysis for management _cBarry Render ... [et al.] |
|
| 250 | _a12th | ||
| 260 |
_aNoida _bPearson _c2018 |
||
| 300 | _axviii, 621p. | ||
| 650 | _aDecision making - Mathematical models | ||
| 650 | _aManagement - Statistical methods | ||
| 650 | _aManagement science | ||
| 650 | _aOperations research | ||
| 650 | _aStatistical decision | ||
| 700 | _aBadri, T.N. | ||
| 700 | _aHale, Trevor S. | ||
| 700 | _aHanna, Michael E. | ||
| 700 | _aStair, Ralph M. | ||
| 942 |
_2ddc _cBK _03 |
||
| 999 |
_c18407 _d18407 |
||